000
00292nam a22001217a 4500
008
160426b xxu||||| |||| 00| 0 eng d
020
_a
9780781790475
020
_a
0781790476
041
_a
eng
080
_a
618.2
245
1
0
_a
Focus on nursing pharmaacologj;
_c
Amy M. Karch;
942
_2
udc
_c
BK
999
_c
1592
_d
1592